Statistiques concernant Paroles - Le blues du business man - Claude Dubois

Cliquez ici pour prendre le quiz!

Statistiques générales

  • Ce quiz a été pris 122 fois
  • Le résultat moyen est 219 sur 249

Statistiques - réponses

Réponse% Correct
à
100%
À
100%
J'
100%
j'
100%
et
99%
Et
99%
être
98%
l'
98%
un
98%
artiste
97%
aurais
97%
d'
97%
D'
97%
Je
97%
je
97%
ma
97%
mon
97%
Pour
97%
pour
97%
voulu
97%
n'
96%
de
95%
la
95%
le
95%
qu'
95%
suis
95%
vie
95%
ai
94%
dans
94%
en
94%
me
94%
94%
ou
94%
pouvoir
94%
se
94%
faire
93%
j'ai
93%
J'ai
93%
pas
93%
les
92%
Au
90%
du
90%
numéro
90%
affaires
89%
une
89%
change
88%
mes
88%
haut
87%
que
87%
succès
87%
Terre
87%
tour
87%
air
86%
chanteur
86%
souvent
86%
sur
86%
Sur
86%
tous
86%
amours
85%
bureau
84%
Hilton
84%
qui
84%
secrétaire
84%
vois
84%
ce
83%
envers
83%
fier
82%
Quand
82%
résidence
81%
secondaire
81%
des
80%
mais
80%
peau
80%
piste
80%
acteur
79%
réussi
79%
seul
79%
toujours
79%
avion
78%
Entre
78%
moitié
78%
passe
77%
regret
77%
Rio
77%
univers
77%
voyage
77%
pose
76%
première
76%
Rotterdam
76%
Singapour
76%
ville
75%
heureux
74%
New-York
74%
changer
73%
fais
73%
fond
73%
inventer
73%
jours
73%
sens
73%
crier
72%
humour
71%
perdu
71%
beau
70%
contrôle
69%
couleur
69%
grand
69%
anarchiste
68%
depuis
68%
écran
68%
trouver
68%
peux
65%
misère
64%
monde
62%
supporter
62%
dire
56%
existe
56%
comme
55%
millionnaire
52%
pourquoi
52%
refaire
51%
vivre
51%
avoir
49%
laid
7%

Distribution des résultats

Percentile par nombre de réponses

% des personnes avec chaque résultat

Votre développement - résultats

Vous n’avez pas pris ce quiz